| 000 | 00595nam a2200181Ia 4500 | ||
|---|---|---|---|
| 008 | 190912s9999 xx 000 0 und d | ||
| 100 | _aKabiling, Genalyn | ||
| 245 | _aDuterte: Philippines needs more citizens like "Ninoy"/ | ||
| 245 | _cGenalyn Kabiling; Dhel Nazario | ||
| 260 | _bManila Bulletin | ||
| 260 | _c2018 | ||
| 300 | _aAugust 22 | ||
| 440 | _aManila Bulletin | ||
| 650 | _aBenigno S. Aquino II -- President -- Philippines | ||
| 650 | _aNinoy Aquino -- President -- Philippines | ||
| 650 | _aPolitics -- Philippines | ||
| 650 | _aRodrigo Duterte -- President -- Philippines | ||
| 999 |
_c362104 _d362104 |
||